[Event "Titled Tuesday 2024.11.12 Late"]
[Site "chess.com INT"]
[Date "2024.11.12"]
[Round "10"]
[White "Weber, Samuel"]
[Black "Golubka, Petro"]
[Result "0-1"]
[WhiteElo "2260"]
[BlackElo "2365"]
[WhiteFideId "-1"]
[BlackFideId "-1"]
[PlyCount "76"]
[GameId "2129405225744295"]
[EventDate "2024.11.12"]
[EventType "swiss (blitz)"]
[EventRounds "11"]
[EventCountry "NET"]
[SourceTitle "The Week in Chess 1567"]
[Source "Mark Crowther"]
[SourceDate "2024.11.18"]
[SourceVersion "1"]
[SourceVersionDate "2024.11.18"]
[SourceQuality "2"]

1. Nf3 Nf6 2. g3 e6 3. Bg2 Be7 4. O-O O-O 5. d3 d5 6. Nbd2 c5 7. e4 Nc6 8. Re1 dxe4 9. dxe4 e5 10. c3 a6 11. Qe2 b5 12. Nf1 Be6 13. Bg5 Nd7 14. Bxe7 Qxe7 15. Ne3 Nb6 16. Red1 Rfd8 17. Nh4 Rxd1+ 18. Qxd1 c4 19. Nd5 Qb7 20. Qh5 Rd8 21. Rd1 Rd7 22. Qg5 Kf8 23. Nf5 f6 24. Qh5 Bg8 25. Nxb6 Rxd1+ 26. Qxd1 Qxb6 27. Qd6+ Kf7 28. Ne7 Qd8 29. Qxc6 Kxe7 30. Qxa6 Qd7 31. Qa3+ Kf7 32. Bf3 Kg6 33. Qc5 Be6 34. h4 Qd3 35. Kg2 Bh3+ 36. Kxh3 Qxf3 37. Qe3 Qh1+ 38. Kg4 h5# 0-1

[Event "Titled Tuesday 2024.11.12 Late"]
[Site "chess.com INT"]
[Date "2024.11.12"]
[Round "11"]
[White "Golubka, Petro"]
[Black "Vovk, Orest"]
[Result "1-0"]
[WhiteElo "2365"]
[BlackElo "2315"]
[WhiteFideId "-1"]
[BlackFideId "-1"]
[PlyCount "105"]
[GameId "2129405225752680"]
[EventDate "2024.11.12"]
[EventType "swiss (blitz)"]
[EventRounds "11"]
[EventCountry "NET"]
[SourceTitle "The Week in Chess 1567"]
[Source "Mark Crowther"]
[SourceDate "2024.11.18"]
[SourceVersion "1"]
[SourceVersionDate "2024.11.18"]
[SourceQuality "2"]

1. d4 Nc6 2. c4 e5 3. d5 Nce7 4. a3 Ng6 5. Nc3 Bc5 6. e3 d6 7. Bd3 a6 8. Nge2 Nf6 9. b4 Ba7 10. Bb2 O-O 11. O-O Qe7 12. Ng3 Bg4 13. Qc2 Rae8 14. Kh1 Nh4 15. Rae1 h6 16. Na4 Bd7 17. c5 Bxa4 18. Qxa4 dxc5 19. b5 e4 20. Bxf6 Qxf6 21. Bxe4 Qb6 22. Rb1 f5 23. Bd3 g5 24. bxa6 Qd6 25. Rxb7 Bb6 26. Qc2 Kg7 27. Bxf5 Qxd5 28. Be4 Qe5 29. a4 Re7 30. Rb1 Ref7 31. f3 c4 32. a7 Bxe3 33. Qxc4 Bf2 34. Nh5+ Kh8 35. R7b5 Qd6 36. Qc3+ Bd4 37. Qb4 g4 38. Qxd6 cxd6 39. a8=Q Rxa8 40. Bxa8 gxf3 41. Bxf3 Nxf3 42. gxf3 Rxf3 43. Rb8+ Kh7 44. R8b4 Bc5 45. R4b3 Rf2 46. Ng3 Kg6 47. Ne4 Ra2 48. Rg3+ Kf5 49. Nxc5 dxc5 50. Rf1+ Ke4 51. Rg4+ Kd3 52. Rf3+ Ke2 53. Rg2+ 1-0

[Event "EUR-ch"]
[Site "Petrovac MNE"]
[Date "2024.11.16"]
[Round "8.125"]
[White "Golubka, Petro"]
[Black "Gov, Guy"]
[Result "0-1"]
[WhiteElo "2365"]
[BlackElo "2200"]
[WhiteFideId "-1"]
[BlackFideId "-1"]
[PlyCount "140"]
[GameId "2129405227818855"]
[EventDate "2024.11.08"]
[EventType "swiss"]
[EventRounds "11"]
[EventCountry "YUG"]
[SourceTitle "10Days CBH #1-#780"]
[Source "ChessMix "]
[SourceDate "2024.12.20"]
[SourceVersion "1"]
[SourceVersionDate "2024.12.20"]
[SourceQuality "1"]

1. d4 d5 2. c4 e6 3. Nc3 Nf6 4. cxd5 exd5 5. Bg5 c6 6. e3 Be7 7. Bd3 O-O 8. Nge2 Nbd7 9. Qc2 Re8 10. O-O Nf8 11. f3 g6 12. Rae1 Ne6 13. Bh4 b5 14. Bf2 Bb7 15. h3 Rc8 16. a3 a5 17. e4 b4 18. axb4 axb4 19. Na4 Qa5 20. Ra1 Ra8 21. b3 Rec8 22. Qb2 Qd8 23. e5 Nh5 24. Qd2 Ba6 25. Bxa6 Rxa6 26. Rac1 Nhg7 27. g4 Qf8 28. f4 f5 29. exf6 Qxf6 30. Qd3 Rca8 31. Bg3 Ne8 32. Kh2 Nd6 33. f5 Ng5 34. Be5 Qf7 35. Ng3 Nge4 36. Rc2 Nxg3 37. Qxg3 Ne4 38. Qe1 g5 39. Qc1 Rc8 40. Nc5 Bxc5 41. Rxc5 Ra2+ 42. Rc2 Qa7 43. Qb1 Ra8 44. Rfc1 Nc3 45. Rxa2 Qxa2+ 46. Qxa2 Rxa2+ 47. Kh1 Ra3 48. Bd6 Rxb3 49. Ra1 Ne4 50. Ra8+ Kf7 51. Be5 Rxh3+ 52. Kg2 Ra3 53. Rh8 Nf6 54. Bxf6 Kxf6 55. Rxh7 Rd3 56. Rh6+ Kf7 57. Rxc6 Rxd4 58. Kf3 Rf4+ 59. Kg3 Rc4 60. Rb6 Rc3+ 61. Kf2 b3 62. Rb5 d4 63. Rb4 Rh3 64. Rxd4 b2 65. Rd1 Kf6 66. Kg2 Rb3 67. Rb1 Ke5 68. Kf2 Kd4 69. Ke2 Kc3 70. f6 Rb6 0-1

[Event "Titled Tuesday 2024.09.24 Early"]
[Site "Chess.com INT"]
[Date "2024.09.24"]
[Round "2"]
[White "Gabdushev, Ruslan"]
[Black "Golubka, Petro"]
[Result "1-0"]
[WhiteElo "2256"]
[BlackElo "2379"]
[WhiteFideId "-1"]
[BlackFideId "-1"]
[PlyCount "73"]
[GameId "2107989760908635"]
[EventDate "2024.09.24"]
[EventType "swiss (blitz)"]
[EventRounds "11"]
[EventCountry "NET"]
[SourceTitle "EXT 2025"]
[Source "ChessBase"]
[SourceDate "2024.10.14"]
[SourceVersion "1"]
[SourceVersionDate "2024.10.14"]
[SourceQuality "1"]

1. d4 d5 2. c4 e6 3. cxd5 exd5 4. Nc3 Nf6 5. Nf3 c6 6. Bg5 Be7 7. e3 O-O 8. Bd3 Nbd7 9. O-O Re8 10. Rb1 a5 11. a3 Nh5 12. Bxe7 Qxe7 13. Qc2 g6 14. b4 axb4 15. axb4 Ng7 16. b5 Nf6 17. bxc6 bxc6 18. Na4 Bf5 19. Nc5 Reb8 20. Ne5 Qd6 21. Rxb8+ Rxb8 22. Bxf5 Nxf5 23. Rb1 Rxb1+ 24. Qxb1 Ne7 25. Qb7 h5 26. Qa8+ Kg7 27. Qh8+ Kxh8 28. Nxf7+ Kg7 29. Nxd6 g5 30. f3 Kg6 31. Kf2 h4 32. g4 hxg3+ 33. hxg3 g4 34. Ne6 gxf3 35. Kxf3 Nf5 36. Nf4+ Kg5 37. Nf7# 1-0

[Event "Titled Tuesday 2024.09.24 Early"]
[Site "Chess.com INT"]
[Date "2024.09.24"]
[Round "3"]
[White "Golubka, Petro"]
[Black "Buchenau, Frank"]
[Result "1-0"]
[WhiteElo "2379"]
[BlackElo "2190"]
[WhiteFideId "-1"]
[BlackFideId "-1"]
[PlyCount "109"]
[GameId "2107989760917157"]
[EventDate "2024.09.24"]
[EventType "swiss (blitz)"]
[EventRounds "11"]
[EventCountry "NET"]
[SourceTitle "EXT 2025"]
[Source "ChessBase"]
[SourceDate "2024.10.14"]
[SourceVersion "1"]
[SourceVersionDate "2024.10.14"]
[SourceQuality "1"]

1. d4 e6 2. e4 d5 3. e5 c5 4. c3 Qb6 5. Nf3 Bd7 6. a3 Bb5 7. Bxb5+ Qxb5 8. h4 Nd7 9. h5 h6 10. Rh3 Ne7 11. b4 cxd4 12. cxd4 Nb6 13. Nc3 Qc6 14. Nd2 Rc8 15. Nb3 Nc4 16. g4 Rc7 17. Ra2 Nc8 18. Kf1 Be7 19. Kg2 f6 20. f4 O-O 21. Qe2 fxe5 22. fxe5 Bg5 23. Bxg5 hxg5 24. h6 Rcf7 25. hxg7 Kxg7 26. Nc5 Rf4 27. b5 Qe8 28. N3e4 Qg6 29. Nf6 R8xf6 30. exf6+ Rxf6 31. Qc2 N8d6 32. Qxg6+ Kxg6 33. Rf2 Rxf2+ 34. Kxf2 b6 35. Nxe6 Ne4+ 36. Kg2 Ncd6 37. Nc7 Nf6 38. a4 Nxg4 39. Nxd5 Kf5 40. Ne7+ Ke6 41. Nc6 Kd5 42. Nxa7 Nf5 43. Nc6 Nge3+ 44. Kg1 Nc2 45. a5 bxa5 46. Rc3 Ncxd4 47. Nxd4 Nxd4 48. b6 Ne2+ 49. Kh1 Nxc3 50. b7 a4 51. b8=Q a3 52. Qb3+ Kd4 53. Qxa3 g4 54. Qd6+ Ke3 55. Qg3+ 1-0

[Event "Titled Tuesday 2024.09.24 Early"]
[Site "Chess.com INT"]
[Date "2024.09.24"]
[Round "4"]
[White "Piddubna, Bozhena"]
[Black "Golubka, Petro"]
[Result "0-1"]
[WhiteElo "2176"]
[BlackElo "2379"]
[WhiteFideId "-1"]
[BlackFideId "-1"]
[PlyCount "104"]
[GameId "2107989760933990"]
[EventDate "2024.09.24"]
[EventType "swiss (blitz)"]
[EventRounds "11"]
[EventCountry "NET"]
[SourceTitle "EXT 2025"]
[Source "ChessBase"]
[SourceDate "2024.10.14"]
[SourceVersion "1"]
[SourceVersionDate "2024.10.14"]
[SourceQuality "1"]

1. d4 d5 2. c4 e6 3. Nf3 a6 4. g3 Nf6 5. Bg2 dxc4 6. a4 Nc6 7. O-O Be7 8. Na3 Na5 9. Qc2 Nb3 10. Rb1 Nxc1 11. Rfxc1 O-O 12. Nxc4 c6 13. a5 Rb8 14. b4 Bd7 15. e4 h6 16. Nfe5 Re8 17. Nb6 Bd6 18. Rd1 Bc7 19. Nec4 Re7 20. Rd2 Be8 21. Rbd1 Nd7 22. Na4 b5 23. axb6 Nxb6 24. Naxb6 Bxb6 25. d5 cxd5 26. exd5 exd5 27. Bxd5 Qc7 28. Qa2 Kh8 29. Qxa6 Bb5 30. Qa2 Ba7 31. Rc2 Qd7 32. Bf3 Qe6 33. Re2 Qf6 34. Rxe7 Qxe7 35. Nd6 Be8 36. Bh5 g6 37. Qb2+ Kh7 38. Bf3 Bd7 39. Ne4 Ba4 40. Nf6+ Kh8 41. Ra1 Qxb4 42. Qe5 Bd4 43. Qf4 g5 44. Qf5 Kg7 45. Nh5+ Kf8 46. Re1 Qxe1+ 47. Kg2 Qxf2+ 48. Kh3 Qf1+ 49. Kg4 Qb5 50. Qh7 Qd7+ 51. Qf5 Qxf5+ 52. Kxf5 Bd7+ 0-1

[Event "Titled Tuesday 2024.09.24 Early"]
[Site "Chess.com INT"]
[Date "2024.09.24"]
[Round "5"]
[White "Golubka, Petro"]
[Black "Rietze, Clemens"]
[Result "1-0"]
[WhiteElo "2379"]
[BlackElo "2372"]
[WhiteFideId "-1"]
[BlackFideId "-1"]
[PlyCount "87"]
[GameId "2107989760942366"]
[EventDate "2024.09.24"]
[EventType "swiss (blitz)"]
[EventRounds "11"]
[EventCountry "NET"]
[SourceTitle "EXT 2025"]
[Source "ChessBase"]
[SourceDate "2024.10.14"]
[SourceVersion "1"]
[SourceVersionDate "2024.10.14"]
[SourceQuality "1"]

1. d4 d5 2. c4 e6 3. Nc3 Bb4 4. a3 Bxc3+ 5. bxc3 Nf6 6. f3 c6 7. cxd5 cxd5 8. e3 O-O 9. c4 b6 10. Nh3 Ba6 11. cxd5 Bxf1 12. Kxf1 exd5 13. g4 Nc6 14. Nf4 Na5 15. h4 Nc4 16. Qd3 Rc8 17. Kg2 Qd6 18. Ra2 Rfe8 19. Re2 Nd7 20. h5 Nf8 21. h6 g6 22. e4 dxe4 23. fxe4 f6 24. Rd1 b5 25. Qf3 Nd7 26. Ree1 Rf8 27. Qd3 Rcd8 28. a4 a6 29. axb5 axb5 30. Qb3 Rb8 31. Kh3 Kh8 32. e5 fxe5 33. dxe5 Qe7 34. e6 Nf6 35. Qc3 Kg8 36. Bb2 Nxb2 37. Qxb2 Rfd8 38. g5 Nh5 39. Nxh5 gxh5 40. Qf6 Re8 41. Rd7 Qxf6 42. gxf6 Red8 43. f7+ Kh8 44. e7 1-0

[Event "Titled Tuesday 2024.09.24 Early"]
[Site "Chess.com INT"]
[Date "2024.09.24"]
[Round "6"]
[White "Lana Rodriguez, David"]
[Black "Golubka, Petro"]
[Result "1-0"]
[WhiteElo "2374"]
[BlackElo "2379"]
[WhiteFideId "-1"]
[BlackFideId "-1"]
[PlyCount "87"]
[GameId "2107989760959104"]
[EventDate "2024.09.24"]
[EventType "swiss (blitz)"]
[EventRounds "11"]
[EventCountry "NET"]
[SourceTitle "EXT 2025"]
[Source "ChessBase"]
[SourceDate "2024.10.14"]
[SourceVersion "1"]
[SourceVersionDate "2024.10.14"]
[SourceQuality "1"]

1. e4 e6 2. d4 d5 3. Bd3 c5 4. exd5 exd5 5. Nf3 c4 6. Be2 Nc6 7. O-O Nf6 8. b3 cxb3 9. axb3 Bd6 10. c4 O-O 11. Nc3 Bg4 12. Bg5 dxc4 13. d5 Bxf3 14. Bxf3 Ne5 15. bxc4 Nxc4 16. Qb3 Ne5 17. Qxb7 Nxf3+ 18. gxf3 h6 19. Bh4 Be5 20. Ra3 Bxc3 21. Rxc3 Qxd5 22. Qxd5 Nxd5 23. Ra3 Rfb8 24. Rfa1 Rb7 25. Bg3 Nb4 26. Ra4 Nc6 27. Ra6 Rc8 28. Rc1 Ne7 29. Rca1 Ra8 30. Be5 f6 31. Bd4 Nc8 32. Rc1 Rd7 33. Be3 Kf7 34. Rac6 Ne7 35. Ra6 Nf5 36. Rca1 Nxe3 37. fxe3 Ke7 38. Kg2 Kd8 39. Kg3 Kc7 40. R6a4 Kb8 41. Rb4+ Rb7 42. Re4 Kc7 43. Re7+ Kc6 44. Rc1+ 1-0

[Event "Titled Tuesday 2024.09.24 Early"]
[Site "Chess.com INT"]
[Date "2024.09.24"]
[Round "8"]
[White "Golubka, Petro"]
[Black "Moncada Correa, Sara"]
[Result "1-0"]
[WhiteElo "2379"]
[BlackElo "2044"]
[WhiteFideId "-1"]
[BlackFideId "-1"]
[PlyCount "153"]
[GameId "2107989760980063"]
[EventDate "2024.09.24"]
[EventType "swiss (blitz)"]
[EventRounds "11"]
[EventCountry "NET"]
[SourceTitle "EXT 2025"]
[Source "ChessBase"]
[SourceDate "2024.10.14"]
[SourceVersion "1"]
[SourceVersionDate "2024.10.14"]
[SourceQuality "1"]

1. d4 d5 2. c4 c6 3. Nc3 Nf6 4. e3 Bf5 5. Nf3 e6 6. Nh4 Be4 7. f3 Bg6 8. g3 Nbd7 9. Bd2 Be7 10. Qb3 Qb6 11. Nxg6 hxg6 12. Be2 O-O 13. Kf2 dxc4 14. Bxc4 e5 15. dxe5 Nxe5 16. Be2 Rfd8 17. Rhd1 Rd7 18. Be1 Rad8 19. Rxd7 Rxd7 20. Rd1 Qxb3 21. axb3 Bb4 22. Rd4 Bc5 23. Rxd7 Nexd7 24. g4 g5 25. Bd2 a6 26. Kg2 Ne8 27. f4 gxf4 28. exf4 Nd6 29. h4 f6 30. h5 Kf7 31. Bd3 Nf8 32. Ne2 Nc8 33. b4 Bd6 34. Kf3 Ne7 35. Bc4+ Ke8 36. Ke4 Nd7 37. Nd4 Nb6 38. Be6 Nbd5 39. b5 cxb5 40. Nxb5 axb5 41. Bxd5 Nxd5 42. Kxd5 Bc7 43. Ke6 Kf8 44. b3 Kg8 45. f5 Be5 46. Be3 Bb2 47. h6 gxh6 48. Bxh6 Kh7 49. Bf8 Kg8 50. Be7 Kg7 51. g5 fxg5 52. Bxg5 Kf8 53. Bh6+ Kg8 54. f6 Bxf6 55. Kxf6 Kh7 56. Bd2 Kg8 57. Ke5 Kf7 58. Kd6 Ke8 59. Kc5 Kd7 60. Kxb5 Kc7 61. Kc5 Kc8 62. Kb5 Kc7 63. Ba5+ Kc8 64. Bb6 Kd7 65. b4 Kd6 66. Bf2 Kc7 67. Bg3+ Kc8 68. Kb6 Kd7 69. Kxb7 Ke6 70. b5 Kd5 71. b6 Kc5 72. Kc7 Kb5 73. b7 Ka6 74. Bh2 Kb5 75. b8=Q+ Kc4 76. Bd6 Kd5 77. Bc5 1-0

[Event "Titled Tuesday 2024.09.24 Early"]
[Site "Chess.com INT"]
[Date "2024.09.24"]
[Round "11"]
[White "Golubka, Petro"]
[Black "Harriott, Tyrell"]
[Result "1-0"]
[WhiteElo "2379"]
[BlackElo "1924"]
[WhiteFideId "-1"]
[BlackFideId "-1"]
[PlyCount "97"]
[GameId "2107989761009429"]
[EventDate "2024.09.24"]
[EventType "swiss (blitz)"]
[EventRounds "11"]
[EventCountry "NET"]
[SourceTitle "EXT 2025"]
[Source "ChessBase"]
[SourceDate "2024.10.14"]
[SourceVersion "1"]
[SourceVersionDate "2024.10.14"]
[SourceQuality "1"]

1. d4 e6 2. e4 d5 3. e5 f5 4. c3 c5 5. c4 cxd4 6. Nf3 Nc6 7. Nxd4 Bb4+ 8. Bd2 Bxd2+ 9. Qxd2 Nxe5 10. c5 Nf6 11. Nc3 O-O 12. O-O-O Bd7 13. Re1 Ne4 14. Nxe4 fxe4 15. f3 Qc7 16. fxe4 Qxc5+ 17. Kb1 Ng4 18. Rc1 Qb6 19. exd5 exd5 20. Bd3 Nf2 21. Rhf1 Nxd3 22. Qxd3 g6 23. a3 a6 24. Ka1 Rae8 25. Nf3 Bc6 26. h4 Qd8 27. h5 Bb5 28. Qb1 Bxf1 29. Rxf1 Qe7 30. hxg6 h6 31. Rh1 Kg7 32. Qc1 Qe3 33. Qc7+ Re7 34. Qd6 Rf6 35. Qh2 Rb6 36. Nh4 Qe5 37. Nf5+ Qxf5 38. Qxh6+ Kf6 39. g7+ Kf7 40. Qh8 Re8 41. Qxe8+ Kxe8 42. g8=Q+ Kd7 43. g4 Qe5 44. Qf7+ Kc6 45. Rc1+ Kb5 46. Qf3 a5 47. Qd3+ Ka4 48. Qc2+ Rb3 49. Ka2 1-0

[Event "POL-Tch1st League"]
[Site "Darlowo POL"]
[Date "2024.09.14"]
[Round "1.13"]
[White "Golubka, Petro"]
[Black "Paprocki, Antoni"]
[Result "1-0"]
[WhiteElo "2379"]
[BlackElo "2232"]
[WhiteFideId "-1"]
[BlackFideId "-1"]
[PlyCount "61"]
[GameId "2130307536726958"]
[EventDate "2024.09.14"]
[EventType "team"]
[EventRounds "9"]
[EventCountry "POL"]
[SourceTitle "10 Days #772"]
[Source "ChessMix "]
[SourceDate "2024.10.01"]
[SourceVersion "1"]
[SourceVersionDate "2024.10.01"]
[SourceQuality "1"]

1. d4 d5 2. c4 e6 3. Nc3 Be7 4. cxd5 exd5 5. Bf4 c6 6. Qc2 g6 7. e3 Bf5 8. Qd2 Nf6 9. f3 h5 10. Bd3 Bxd3 11. Qxd3 Nbd7 12. Nge2 Kf8 13. O-O Kg7 14. e4 dxe4 15. fxe4 c5 16. Rad1 cxd4 17. Nxd4 Qa5 18. Nb3 Qb6+ 19. Be3 Qe6 20. Nd4 Qa6 21. Ndb5 Ne5 22. Qe2 Rac8 23. Bd4 Qe6 24. Nd5 a6 25. Nbc7 Qd6 26. Nxf6 Bxf6 27. Nd5 Bd8 28. Qf2 f6 29. Qg3 Rc4 30. Ne3 Qe6 31. Bxe5 1-0

[Event "POL-Tch1st League"]
[Site "Darlowo POL"]
[Date "2024.09.15"]
[Round "2.7"]
[White "Kowalski, Igor"]
[Black "Golubka, Petro"]
[Result "1-0"]
[WhiteElo "2396"]
[BlackElo "2379"]
[WhiteFideId "-1"]
[BlackFideId "-1"]
[PlyCount "83"]
[GameId "2130307536731105"]
[EventDate "2024.09.14"]
[EventType "team"]
[EventRounds "9"]
[EventCountry "POL"]
[SourceTitle "10 Days #772"]
[Source "ChessMix "]
[SourceDate "2024.10.01"]
[SourceVersion "1"]
[SourceVersionDate "2024.10.01"]
[SourceQuality "1"]

1. d4 Nf6 2. c4 c5 3. d5 e6 4. Nc3 exd5 5. cxd5 d6 6. Nf3 g6 7. Nd2 Bg7 8. e4 O-O 9. Be2 Na6 10. O-O Re8 11. f3 Nc7 12. a4 Nd7 13. Nc4 Ne5 14. Ne3 f5 15. f4 Nf7 16. exf5 gxf5 17. Bd3 Nh6 18. h3 Bd7 19. Bd2 Qf6 20. Qc2 Na6 21. Bxa6 bxa6 22. Ncd1 Qd4 23. Bc3 Qe4 24. Bxg7 Qxc2 25. Nxc2 Kxg7 26. Nde3 Rab8 27. Nc4 Re4 28. Nxd6 Re2 29. Rfc1 Rxb2 30. Ne1 Rb6 31. Nc4 Rb4 32. Ne5 Bxa4 33. N1d3 Rd4 34. Rxc5 Bb5 35. Rc7+ Kg8 36. Rac1 Be8 37. Rc8 Kf8 38. R1c7 Rxd5 39. Rxh7 Rd6 40. Nc5 a5 41. Ncd7+ Kg8 42. Re7 1-0

[Event "POL-Tch1st League"]
[Site "Darlowo POL"]
[Date "2024.09.16"]
[Round "3.14"]
[White "Piesik, Piotr"]
[Black "Golubka, Petro"]
[Result "1/2-1/2"]
[WhiteElo "2415"]
[BlackElo "2379"]
[WhiteFideId "-1"]
[BlackFideId "-1"]
[PlyCount "28"]
[GameId "2130307536731181"]
[EventDate "2024.09.14"]
[EventType "team"]
[EventRounds "9"]
[EventCountry "POL"]
[SourceTitle "10 Days #772"]
[Source "ChessMix "]
[SourceDate "2024.10.01"]
[SourceVersion "1"]
[SourceVersionDate "2024.10.01"]
[SourceQuality "1"]

1. e4 e6 2. d4 d5 3. e5 c5 4. c3 Bd7 5. Nf3 Qb6 6. Na3 cxd4 7. cxd4 Nc6 8. Nc2 Rc8 9. Bd3 Nb4 10. Nxb4 Bxb4+ 11. Bd2 Ne7 12. O-O Bxd2 13. Qxd2 Bb5 14. Bxb5+ Qxb5 1/2-1/2

[Event "POL-Tch1st League"]
[Site "Darlowo POL"]
[Date "2024.09.17"]
[Round "4.8"]
[White "Golubka, Petro"]
[Black "Maciejczak, Jakub"]
[Result "1/2-1/2"]
[WhiteElo "2379"]
[BlackElo "2342"]
[WhiteFideId "-1"]
[BlackFideId "-1"]
[PlyCount "157"]
[GameId "2130307536735330"]
[EventDate "2024.09.14"]
[EventType "team"]
[EventRounds "9"]
[EventCountry "POL"]
[SourceTitle "10 Days #772"]
[Source "ChessMix "]
[SourceDate "2024.10.01"]
[SourceVersion "1"]
[SourceVersionDate "2024.10.01"]
[SourceQuality "1"]

1. d4 d5 2. c4 e6 3. Nc3 Nf6 4. cxd5 exd5 5. Bg5 Nbd7 6. e3 c6 7. Bd3 Be7 8. Nge2 O-O 9. Qc2 Re8 10. O-O Nf8 11. f3 Be6 12. Kh1 Rc8 13. Rad1 a6 14. a3 c5 15. dxc5 Rxc5 16. Nf4 Qc7 17. Bh4 Rd8 18. Bg3 Bd6 19. Qf2 Qe7 20. Bb1 Ng6 21. Nxe6 fxe6 22. e4 Bxg3 23. hxg3 Qc7 24. Rfe1 d4 25. Ne2 e5 26. Nc1 Rf8 27. Nd3 Rc6 28. Qd2 h6 29. Rc1 Nh5 30. Qf2 Rxc1 31. Rxc1 Qd8 32. Ba2+ Kh8 33. Be6 Qg5 34. Bg4 Nf6 35. Bf5 Ne7 36. g4 g6 37. Be6 h5 38. Rc7 hxg4 39. Qg3 Qh6+ 40. Qh2 Qxh2+ 41. Kxh2 Nc6 42. fxg4 Re8 43. Bc8 Nd8 44. Nf2 Ne6 45. Bxe6 Rxe6 46. Rxb7 Rd6 47. Rb3 Kg7 48. Kg3 Kf7 49. Kf3 Ke6 50. Nd3 Nh7 51. Nc5+ Kf6 52. Rb7 Ng5+ 53. Ke2 Ne6 54. Nd7+ Kg5 55. Nxe5 Kf4 56. Nd3+ Kxe4 57. Re7 Kd5 58. Kd2 Rb6 59. b4 Kc4 60. a4 g5 61. g3 Rd6 62. Kc2 Kd5 63. Kd2 Kc4 64. Rf7 Kd5 65. Rf5+ Kc4 66. a5 Rd8 67. Ne5+ Kb3 68. Rf6 Nc7 69. Nc6 Rd7 70. Rf3+ Ka4 71. Rf6 Nd5 72. Rg6 Ne3 73. Nxd4 Nxg4 74. Kc3 Nf2 75. Ne6 Ne4+ 76. Kc4 Nd2+ 77. Kc3 Ne4+ 78. Kc4 Nd2+ 79. Kc3 1/2-1/2

[Event "POL-Tch1st League"]
[Site "Darlowo POL"]
[Date "2024.09.18"]
[Round "5.8"]
[White "Mis, Mieszko"]
[Black "Golubka, Petro"]
[Result "1-0"]
[WhiteElo "2363"]
[BlackElo "2379"]
[WhiteFideId "-1"]
[BlackFideId "-1"]
[PlyCount "67"]
[GameId "2130307536739489"]
[EventDate "2024.09.14"]
[EventType "team"]
[EventRounds "9"]
[EventCountry "POL"]
[SourceTitle "10 Days #772"]
[Source "ChessMix "]
[SourceDate "2024.10.01"]
[SourceVersion "1"]
[SourceVersionDate "2024.10.01"]
[SourceQuality "1"]

1. Nf3 d5 2. c4 e6 3. g3 dxc4 4. Qa4+ Nd7 5. Bg2 Ngf6 6. Qxc4 a6 7. Qc2 Rb8 8. O-O Be7 9. d4 O-O 10. Rd1 Re8 11. Nc3 Nd5 12. Nxd5 exd5 13. Bf4 Bd6 14. Ng5 Nf6 15. Bxd5 Nxd5 16. Qxh7+ Kf8 17. Qh8+ Ke7 18. Qxg7 Bxf4 19. Qxf7+ Kd6 20. e4 Bxg5 21. Qxd5+ Ke7 22. Qxg5+ Kf7 23. Qh5+ Kg7 24. Rac1 Re6 25. Rc5 Rg6 26. Rdc1 Bd7 27. Rxc7 Rc8 28. Qe5+ Kh6 29. Qf4+ Kg7 30. Rxc8 Bxc8 31. Qc7+ Qd7 32. Qxc8 Qxd4 33. Rc7+ Kh6 34. Qh3+ 1-0

[Event "POL-Tch1st League"]
[Site "Darlowo POL"]
[Date "2024.09.19"]
[Round "6.8"]
[White "Golubka, Petro"]
[Black "Cyborowski, Lukasz"]
[Result "1/2-1/2"]
[WhiteElo "2379"]
[BlackElo "2454"]
[WhiteFideId "-1"]
[BlackFideId "-1"]
[PlyCount "36"]
[GameId "2130307536739552"]
[EventDate "2024.09.14"]
[EventType "team"]
[EventRounds "9"]
[EventCountry "POL"]
[SourceTitle "10 Days #772"]
[Source "ChessMix "]
[SourceDate "2024.10.01"]
[SourceVersion "1"]
[SourceVersionDate "2024.10.01"]
[SourceQuality "1"]

1. d4 d5 2. c4 e6 3. Nc3 Nf6 4. cxd5 exd5 5. Bg5 c6 6. e3 h6 7. Bh4 Be7 8. Bd3 O-O 9. Nge2 Ne8 10. Bg3 Nd6 11. Qc2 Re8 12. O-O Bf8 13. h3 Nd7 14. Kh1 Nf6 15. Be5 Nd7 16. Bf4 Nf6 17. Be5 Nd7 18. Bf4 Nf6 1/2-1/2

[Event "POL-Tch1st League"]
[Site "Darlowo POL"]
[Date "2024.09.20"]
[Round "7.8"]
[White "Paszewski, Mateusz"]
[Black "Golubka, Petro"]
[Result "1/2-1/2"]
[WhiteElo "2299"]
[BlackElo "2379"]
[WhiteFideId "-1"]
[BlackFideId "-1"]
[PlyCount "28"]
[GameId "2130307536743711"]
[EventDate "2024.09.14"]
[EventType "team"]
[EventRounds "9"]
[EventCountry "POL"]
[SourceTitle "10 Days #772"]
[Source "ChessMix "]
[SourceDate "2024.10.01"]
[SourceVersion "1"]
[SourceVersionDate "2024.10.01"]
[SourceQuality "1"]

1. e4 e6 2. d4 d5 3. Nd2 c5 4. exd5 Qxd5 5. Ngf3 cxd4 6. Bc4 Qd6 7. O-O Nf6 8. Nb3 Nc6 9. Nbxd4 Nxd4 10. Nxd4 Be7 11. c3 O-O 12. Qf3 Qc7 13. Bb3 a5 14. a4 Bd7 1/2-1/2

[Event "POL-Tch1st League"]
[Site "Darlowo POL"]
[Date "2024.09.21"]
[Round "8.2"]
[White "Vetoshko, Volodymyr"]
[Black "Golubka, Petro"]
[Result "1/2-1/2"]
[WhiteElo "2506"]
[BlackElo "2379"]
[WhiteFideId "-1"]
[BlackFideId "-1"]
[PlyCount "33"]
[GameId "2130307536743762"]
[EventDate "2024.09.14"]
[EventType "team"]
[EventRounds "9"]
[EventCountry "POL"]
[SourceTitle "10 Days #772"]
[Source "ChessMix "]
[SourceDate "2024.10.01"]
[SourceVersion "1"]
[SourceVersionDate "2024.10.01"]
[SourceQuality "1"]

1. e4 e5 2. Nf3 Nc6 3. Bb5 a6 4. Ba4 Nf6 5. O-O b5 6. Bb3 Be7 7. Re1 d6 8. c3 Na5 9. Bc2 c5 10. d4 Qc7 11. a4 b4 12. cxb4 cxb4 13. Nbd2 Bb7 14. Nf1 O-O 15. Bg5 Rfc8 16. Bd3 h6 17. Bh4 1/2-1/2